000 00835nam a2200265Ia 4500
003 GCL
008 140319s9999 xx 000 0 ara d
020 _a8113307977
040 _aGCL /
_cGCL
082 0 4 _a332.642
_bهـ ك
100 1 _aهيدى، كريستى
245 1 0 _aكيف تستثمر اموالك فى بورصة وول ستريت ؟ /
_cهيدى، كريستى
250 _aالاولى
260 _aالقاهرة :
_bدار الفاروق للنشر والتوزيع ،
_c2001
300 _a440 ص ؛
_c24 سم
650 0 4 _aالاستثمار
650 0 4 _aالسماسرة
650 0 4 _aالادخار
650 0 4 _aبنوك الاستثمار
650 0 4 _aالارباح والفوائد
650 0 4 _aالبورصات
650 0 4 _aالاسهم
650 0 4 _aوول ستريت
942 _2ddc
_cBK
999 _c5558
_d5558